00302nam a2200121Ia 4500003000400000008004100004082001600045100001700061245003500078260004300113300000900156650001500165OSt191201s2014 xx 000 0 und d a621.26bLAF aLAL, Jagdish 0aFluid Mechanics and Hydraulics aNew DelhibMetropolitan Book Co.c2014 a1048 aB.Tech(ME)